Black Friday Mini-Special 2023 - Statistics

General Stats
  • This quiz has been taken 6 times
  • The average score is 3 of 5
Answer Stats
Hint Answer % Correct
True or false: Thanksgiving is always the day right before Black Friday. True
100%
True or false: People end their Black Friday shopping at 3 pm. False
80%
True or false: 90% of the people look for grocery deals on Black Friday. False
80%
What do people do to stores on Black Friday? (Bonus Hint: Tomb-something-er) RAID
60%
(This question makes no sense, it's a joke, don't spam the comments I'M BEGGING) As Black Friday is to Cyber Monday, Rainbow Monday is to.... Wacky Wednesday
20%
No matching quizzes found
Score Distribution
Percent of People with Each Score
Percentile by Number Answered
Your Score History
You have not taken this quiz